000 00938nam a2200253Ia 4500
003 OSt
005 20221005110027.0
006 a|||||r|||| 00| 0
007 ta
008 221004b |||||||| |||| 00| 0 hin d
020 _a9788126025480 (hbk)
_c1500
024 _a91946
037 _b524, 19/03/2009, Vani Prakashan
_cTextual
040 _aCRL
_cCRL
_bhin
041 _2hin
_ahin
082 _aO152,1x, P8
100 _aपांचाल, परमानंद, संपा.
245 0 _aदक्खिनी हिन्दी काव्य संचयन
246 _aDakkhinī hindī kāvya sanchayana
260 _aनई दिल्ली
_bसाहित्य अकादेमी भारत
_c2008
300 _a621पृ0
_ccm.
942 _hO152,1x, P8
_cTEXL
_2cc
999 _c1017568
_d1017568